Word Ladder: Well, Hello Mr. Fancy Pants Quiz Stats

 Plays Quiz Updated Aug 1, 2013

Support Sporcle.
Go Orange.
Score 0/27 Timer 03:00
0 Plays Today
Hint 5-Letter Word % Correct
Homer's wifeMARGE
94%
ColossalLARGE
90.7%
★Levi's invention; this pair of pants★★JEANS★
87.6%
Key ____, FloridaLARGO
86.3%
Green & kidneyBEANS
85.1%
★Freighter's load, or type of pants★ ★CARGO★
83.8%
BlendMERGE
81.8%
Yolk surrounderWHITE
77.1%
Line of poetryVERSE
75.4%
BrinkVERGE
73.8%
OutscoresBEATS
73.7%
Common ender?SENSE
70.1%
Brief and to the pointTERSE
69%
On pins and needlesTENSE
68.5%
Hint 5-Letter Word % Correct
Humongous horned creatureRHINO
66.8%
'Are we there yet?,' e.g.WHINE
66.8%
Cologne's riverRHINE
66.4%
French riverSEINE
66%
Sits tightWAITS
61.2%
'Missing You' singer JohnWAITE
57.2%
Simpson & StarrBARTS
54.9%
TemptsBAITS
51.5%
Old Irish for 'to take'SEISE
51.1%
Parks & WheelerBERTS
49%
★ Type of pants, or fabric used to make it★★CHINO★
48.7%
Rain alternative SHINE
42.2%
A cut of meat including the backboneCHINE
29.3%

Today's Daily Dose

Missing Word
'80s Musicals

Word Ladder
Hereditary

Get the Picture
Food Names

From the Vault

Are You Smarter Than a College Student? IV

by sproutcm

If you can't beat them at beer pong, hopefully you can take them down with trivia.
Remove Ads.
Support Sporcle.
Get the best of Sporcle when you Go Orange. This ad-free experience offers more features, more stats, and more fun while also helping to support Sporcle. Thank you for becoming a member.

Show Comments

Extras

Top Quizzes Today


Score Distribution

Your Account Isn't Verified!

In order to create a playlist on Sporcle, you need to verify the email address you used during registration. Go to your Sporcle Settings to finish the process.

Report this User

Report this user for behavior that violates our Community Guidelines.

Details: